Pautas jurisprudenciales de la Corte Interamericana de Derechos Humanos en materia de protección de las niñas y niños víctimas de abuso sexual (Registro nro. 32980)

Detalles MARC
000 -LEADER
fixed length control field 00498 a2200121 4500
001 - CONTROL NUMBER
control field ART_51055
005 - DATE AND TIME OF LATEST TRANSACTION
control field 20260410162019.0
008 - FIXED-LENGTH DATA ELEMENTS--GENERAL INFORMATION
fixed length control field 260409a
100 1# - MAIN ENTRY--PERSONAL NAME
Personal name Terragni, Martiniano
245 10 - TITLE STATEMENT
Title Pautas jurisprudenciales de la Corte Interamericana de Derechos Humanos en materia de protección de las niñas y niños víctimas de abuso sexual
700 1# - ADDED ENTRY--PERSONAL NAME
Personal name Freedman, Diego
773 0# - HOST ITEM ENTRY
Title Temas de derecho de familia, sucesiones y bioética
Related parts - Año 5, N° 7 (jul. 2020)
Record control number REV41029

No hay ítems disponibles.